Responses for Show #3706 - Monday, October 16, 2000

Contestants

[<< previous game]

Pat Burghardt, a computer analyst from Cincinnati, Ohio

Linda Davis, a music teacher from Fairborn, Ohio

David Tepper, an attorney from Richmond, Virginia (whose 3-day cash winnings total $25,902)

[next game >>]

Jeopardy! Round responses

THEATRE
TAX TIME
THIS MEANS WAR!
CAPITAL TOURISM
'TOON IN
DROP "OUT"
    $100 21
Lenny Bruce

Pat
    $100 3
federal tax return

Pat
    $100 2
Civil War

David
    $100 14
Cairo

David
    $100 27
Popeye

Pat
    $100 1
an outline

Pat
    $200 22
Revival

David
    $200 4
a toll

Linda
    $200 12
Indian wars

David
    $200 15
(Linda: What is San Juan?)

San Jose

LindaPat
    $200 28
Superman

David
    $200 5
an outtake

Linda
    $300 24
(Pat: Who is Sherwood Schwartz?)

Mike Brady

DavidPat
    $300 9
a luxury tax

David
    $300 13
nuclear war

Linda
    $300 16
Dar es Salaam

Linda
    $300 30
(Alex: And still going!)

The Simpsons

Pat
    $300 6
out of bounds

Linda
    $400 26
Contact

Pat
    $400 10
a duty

David
    $400 19
police action

Pat
    $400 17
Helsinki

David
    $400 23
Toy Story

Pat
    $400 7
outpatient

Linda
    $500 25
August Wilson

Pat
    $500 11
value added tax

Pat
    $500 20
Succession

Pat
    $2,000 18
(David: What is Santiago, Chile?)

La Paz, Bolivia

David
    $500 29
Peanuts

Pat
    $500 8
Out of Africa

David

Scores at the first commercial break (after clue 17):

David Linda Pat
$2,000 $1,500 $900

Scores at the end of the Jeopardy! Round:

David Linda Pat
$700 $1,500 $3,800

Double Jeopardy! Round responses

BODIES OF WATER
A FILM ON YOUR TEETH
NAMES IN NATURE
OFFICIAL LANGUAGES
MUSIC
FELINE PHRASES
    $200 16
Australia

Pat
    $200 21
M*A*S*H

Linda
    $200 9
clover

David
    $200 3
Spanish

Pat
    $200 6
violins

David
    $200 29
rocking chairs

David
    $400 17
the Gulf of Mexico

Linda
    $400 28
(Alex: "Is it safe? Is it safe?")

Marathon Man

Pat
    $400 27
squirrel

Pat
    $400 4
French

Linda
    $400 11
Faust

Pat
    $400 30
[NOTE: This was the 95,000th clue entered into the J! Archive, 2007-05-10.]

curiosity killed the cat

Linda
    $600 18
the Red Sea

David
    $600 14
Bob Hope

Pat
    $600 26
woolly bear

Linda
    $600 8
Italian

Pat
    $600 12
Antonin Dvorak

Pat
    $600 24
(Linda: What is the cat's out of the bag?)
(David: What is the cat is out of the bag?)

look what the cat dragged in

DavidLinda
Triple Stumper
    $2,000 20
Manila Bay

Pat
    $800 10
Little Shop of Horrors

Linda
    $800 25
(Alex: Minute to go.)

hermit thrush

Triple Stumper
    $800 7
Swahili

David
    $800 13
(Linda: What are bagpipes?)
(Pat: What is the piano?)

Harmonica

LindaPat
Triple Stumper
    $800 23
cat & mouse

Linda
    $1000 19
the Great Slave Lake

Pat
    $1000 15
Corbin Bernsen

Pat
    $1000 2
snowshoe hare/rabbit

Pat
    $1,000 1
Turkish

David
    $1000 5
Ruggero Leoncavallo

Pat
    $1000 22
look at a king

Triple Stumper

Scores at the end of the Double Jeopardy! Round:

David Linda Pat
$3,100 $3,700 $12,400
(lock game)

[wagering suggestions for these scores]

Final Jeopardy! Round responses

SPORTS STARS
(Alex: I once interviewed him... and he's the tallest human being I've ever seen!)
DavidWho knew?
$0
LindaWho is Kareem Abdul-Jabbar?
$0
PatWho is J. Erving?
$4,000
Wilt Chamberlain

Final scores:

David Linda Pat
$3,100 $3,700 $8,400
3rd place: Pair of Bicycles from ebike.com 2nd place: Trip to Palm Island Resort in the Grenadines New champion: $8,400

Game dynamics:

Coryat scores:

David Linda Pat
$5,100 $3,700 $11,200
16 R
(including 1 DD),
2 W
(including 1 DD)
13 R,
3 W
26 R
(including 1 DD),
2 W

Combined Coryat: $20,000

[game clues] [game scores] [suggest correction]

Game tape date: 2000-08-31
The J! Archive is created by fans, for fans. Scraping, republication, monetization, and malicious use prohibited; this site may use cookies and collect identifying information. See terms. The Jeopardy! game show and all elements thereof, including but not limited to copyright and trademark thereto, are the property of Jeopardy Productions, Inc. and are protected under law. This website is not affiliated with, sponsored by, or operated by Jeopardy Productions, Inc. Join the discussion at JBoard.tv.